|
|
|
|
| LEADER |
02615cas a2200337 a 4500 |
| 001 |
AALejournalIMF022213 |
| 008 |
230101c9999 xx r poo 0 0eng d |
| 020 |
|
|
|c 5.00 USD
|
| 020 |
|
|
|z 9781557755964
|
| 022 |
|
|
|a 1018-5941
|
| 040 |
|
|
|a BD-DhAAL
|c BD-DhAAL
|
| 100 |
1 |
|
|a Barrett, Philip.
|
| 245 |
1 |
0 |
|a Modeling the U.S. Climate Agenda :
|b Macro-Climate Trade-offs and Considerations /
|c Philip Barrett, Katharina Bergant, Jean Chateau, Rui Mano.
|
| 264 |
|
1 |
|a Washington, D.C. :
|b International Monetary Fund,
|c 2021.
|
| 300 |
|
|
|a 1 online resource (37 pages)
|
| 490 |
1 |
|
|a IMF Working Papers
|
| 500 |
|
|
|a <strong>Off-Campus Access:</strong> No User ID or Password Required
|
| 500 |
|
|
|a <strong>On-Campus Access:</strong> No User ID or Password Required
|
| 506 |
|
|
|a Electronic access restricted to authorized BRAC University faculty, staff and students
|
| 520 |
3 |
|
|a The run up to the 26th Climate Change Conference has brought tackling climate change to the fore of global policy making. In this context, the U.S. administration has recently unveiled new climate targets. This paper elaborates on the administration's plans and uses two models developed at the IMF to illustrate key macro-climate trade-offs. First, a model with endogenous fuel-specific technological change shows that subsidies cannot substitute for explicit carbon pricing and that even a moderate carbon tax can greatly economize on the overall fiscal cost of the package. Second, a rich sectoral model shows that there are only very marginal economic costs from front-loading the decarbonization of the power sector but there are large accompanying environmental benefits. Regulations can be effective in the power sector because they provide an appropriate shadow cost to carbon. However, a carbon tax would still be more efficient and easier to administer. Finally, as the economy transitions away from fossil-fueled power generation, there would be a significant reallocation of labor across sectors and locations that would need to be handled carefully to limit the social costs of the transition.
|
| 538 |
|
|
|a Mode of access: Internet
|
| 650 |
|
7 |
|a Carbon Tax
|2 imf
|
| 650 |
|
7 |
|a Climate Change
|2 imf
|
| 650 |
|
7 |
|a Renewable Resources and Conservation
|2 imf
|
| 650 |
|
7 |
|a Subsidies
|2 imf
|
| 650 |
|
7 |
|a Valuation of Environmental Effects
|2 imf
|
| 700 |
1 |
|
|a Bergant, Katharina.
|
| 700 |
1 |
|
|a Chateau, Jean.
|
| 700 |
1 |
|
|a Mano, Rui.
|
| 830 |
|
0 |
|a IMF Working Papers; Working Paper ;
|v No. 2021/290
|
| 856 |
4 |
0 |
|z Full text available on IMF
|u http://elibrary.imf.org/view/journals/001/2021/290/001.2021.issue-290-en.xml
|z IMF e-Library
|